Štatistika poisťovní, kapitálového trhu a dôchodkového sporenia
Nové Oddelenie štatistiky poisťovní a kapitálového trhu v NBS (2006), jeho náplň a význam. Subjekty poistného a kapitálového trhu a trhu dôchodkového sporenia a ich výkazy. Výrazná kvalitatívna zmena sa očakáva v oblasti výkazníctva subjektov poistného trhu, ktorú prinesie systém Solvency II.
Uložené v:
| Hlavný autor: | |
|---|---|
| Médium: | Kapitola |
| Jazyk: | Slovak |
| Predmet: | |
| Tagy: |
Žiadne tagy, Buďte prvý, kto otaguje tento záznam!
|
MARC
| LEADER | 00000naa$a2200000$$$4500 | ||
|---|---|---|---|
| 001 | 0113113 | ||
| 005 | 20231116085942.8 | ||
| 041 | 0 | |a slo | |
| 044 | |a SK | ||
| 245 | 1 | 0 | |a Štatistika poisťovní, kapitálového trhu a dôchodkového sporenia |c Janka Sulíková ... [et al.] |
| 520 | |a Nové Oddelenie štatistiky poisťovní a kapitálového trhu v NBS (2006), jeho náplň a význam. Subjekty poistného a kapitálového trhu a trhu dôchodkového sporenia a ich výkazy. Výrazná kvalitatívna zmena sa očakáva v oblasti výkazníctva subjektov poistného trhu, ktorú prinesie systém Solvency II. | ||
| 610 | 2 | 0 | |a trh poistný |
| 610 | 2 | 0 | |a trh kapitálový |
| 610 | 2 | 0 | |a sporenie dôchodkové |
| 610 | 2 | 0 | |a štatistika |
| 610 | 2 | 0 | |a výkazníctvo štatistické |
| 610 | 2 | 0 | |a Slovensko |
| 100 | 1 | |a Sulíková, Janka | |